| 000 | 00431nam a2200181Ia 4500 | ||
|---|---|---|---|
| 001 | 21521 | ||
| 005 | 20260306172925.0 | ||
| 008 | 260306t2009||||xx |||||||||||||| ||spa|| | ||
| 041 | _aESP | ||
| 082 |
_a692.5 _bM26 |
||
| 100 |
_aMarch, Chris _eAUT |
||
| 245 | 0 | _aBusiness organisation for construction | |
| 260 | _c2009 | ||
| 300 |
_ax, 212 páginas : _c23 cm. |
||
| 650 | _aGEN | ||
| 654 | _aCIC | ||
| 942 |
_cLIB _dJUS _fJUS _2ddc _n |
||
| 999 |
_c21521 _d21521 |
||